| 000 | 00926nam a22002417a 4500 | ||
|---|---|---|---|
| 999 |
_c17105 _d17105 |
||
| 003 | AR-CdUCM | ||
| 008 | 190507b ||||| |||| 00| 0 spa d | ||
| 040 |
_aMUNICIPALIDAD PROVINCIAL DEL CUSCO _cBIBLIOTECA MUNICIPAL DEL CUSCO |
||
| 041 | _hger | ||
| 082 |
_23ed. _a120.9 / _bB67 |
||
| 100 |
_aBochenski, I. M. _935825 |
||
| 245 | _aLa filosofía actual / | ||
| 260 |
_aMéxico D. F. : _bFondo de Cultura Económica, _c1955. |
||
| 300 |
_a337 páginas ; _c18 cm. |
||
| 440 |
_aBreviarios del Fondo de Cultura Económica. _n16 _936954 |
||
| 505 | _aContenido: La gestación de la Filosofía Contemporánea -- Filosofía de la materia -- Filosofía de la idea -- Filosofía de la vida -- Filosofía de la esencia ... | ||
| 650 |
_aFilosofía contemporánea _936955 |
||
| 650 |
_aVida _9884 |
||
| 650 |
_aEl ser _936800 |
||
| 700 |
_aÍmaz, Eugenio (traducción) _935582 |
||
| 942 |
_2ddc _cLIBROS |
||
| 945 |
_aachl _d2019-05-07 |
||